00193nam a2200073Ia 4500008004100000100002800041245002800069260002200097190216s9999||||xx |||||||||||||| ||und|| aKrishnan & Ashokan 0aIndia Sothum Nikuthiyum bKerala Basha Inst